Women in academia report

Detalles Bibliográficos
Formato: Electrónico Periódico
Lenguaje:inglés
Publicado: Bartonsville, Pennsylvania : BruCon Publishing Company
Materias:
Acceso en línea:Full text available from Research Library: 01/01/2012 to present

MARC

LEADER 00000nas a2200000 i 4500
001 ssj0001077970
003 WaSeSS
005 20200512172242.0
006 m d
007 cr n
008 140109c20uu9999paud| n|s|||||| |0eng d
035 |a (WaSeSS)ssj0001077970 
040 |a WaSeSS  |b eng  |c WaSeSS  |d WaSeSS 
043 |a n-us--- 
050 1 4 |a KF4240.A75 
245 0 0 |a Women in academia report  |h [electronic resource]. 
260 |a Bartonsville, Pennsylvania :  |b BruCon Publishing Company 
310 |a Daily 
506 |a License restrictions may limit access. 
588 |a Description based on: January 1, 2012; title from title screen (ProQuest, viewed Jan. 9, 2014). 
588 |a Latest issue consulted: January 8, 2014 (viewed Jan. 9, 2014). 
650 0 |a Sex discrimination against women  |z United States  |v Newspapers. 
650 0 |a Universities and colleges  |x Faculty  |v Newspapers. 
650 0 |a Women college teachers  |x Legal status, laws, etc.  |z United States  |v Newspapers. 
655 0 |a Electronic journals. 
856 4 0 |z Full text available from Research Library: 01/01/2012 to present  |u https://search.proquest.com/publication/1056398